Statistiques concernant Culture Générale - Série 1405

Cliquez ici pour prendre le quiz!

Statistiques générales

  • Ce quiz a été pris 88 fois
  • Le résultat moyen est 6 sur 10

Statistiques - réponses

QuestionRéponse% Correct
A quelle saison se rapporte l'adjectif "vernal" ?printemps
96%
Qu'est-ce qui peut être : "flush" au poker, ou "de toux" quand la gorge est irritée ?quinte
92%
Selon l'Exode, lorsque Dieu inflige à l'Égypte la première des Plaies, en quoi les eaux du Nil sont-elles changées ?En sang
70%
Avec le français et l'anglais, quelle est l'autre langue officielle de Madagascar ?malgache
67%
Quel tricot en poil de chèvre tient son nom d'un ancien État indien, partagé entre l'Inde et le Pakistan ?Cachemire
67%
Quelle arme d'origine japonaise est formée de deux bâtons reliés entre eux par une chaîne ?nunchaku
57%
A quel État appartiennent les îles Koh Lanta ?Thaïlande
54%
Quel ensemble touristique, dont le nom vient de l'italien signifiant "plage", comprend un port de plaisance et des logements aménagés en bord de mer ?marina
51%
Quelle émission satirique Jacques Martin anime-t-il sur TF1, de 1975 à 1976 ?Le Petit Rapporteur
49%
Comment se prénomme le "Dr House" dans la série télévisée du même nom ?Gregory
34%

Distribution des résultats

Percentile par nombre de réponses

% des personnes avec chaque résultat

Votre développement - résultats

Vous n’avez pas pris ce quiz